Countries Closest to Bangladesh - One Minute Sprint - Statistics

General Stats
  • This quiz has been taken 67 times
  • The average score is 15 of 20
Answer Stats
km country % Correct
0 India
100%
43 Bhutan
95%
94 China
95%
0 Myanmar
93%
22 Nepal
91%
1330 Cambodia
90%
579 Thailand
90%
780 Laos
88%
1628 Sri Lanka
88%
1407 Pakistan
86%
1719 Indonesia
84%
985 Vietnam
84%
1741 Afghanistan
81%
1779 Malaysia
79%
1725 Tajikistan
55%
1871 Kyrgyzstan
53%
1932 Mongolia
47%
2111 Uzbekistan
47%
1888 Kazakhstan
43%
2266 Turkmenistan
43%
No matching quizzes found
Score Distribution
Percent of People with Each Score
Percentile by Number Answered
Your Score History
You have not taken this quiz